000 01690cam a22004574i 4500
003 PE-LiUPU
005 20250731173245.0
008 150625s1964 ag r 000 0 spa d
035 _a(Sirsi) a35419
040 _aPE-LiUPU
_bspa
_cPE-LiUPU
_erda
049 _aPRUA
082 0 4 _a233.11
_bH25
_221
100 1 _aHauret, Charles,
_eautor.
245 1 4 _aLos origenes (Genesis I-III) /
_cCharles Hauret.
250 _a2a edición.
264 1 _aBuenos Aires :
_bEdiciones Paulinas,
_c1964.
300 _a256 páginas ;
_c20 centímetros.
336 _atext
_2rdacontent
337 _aunmediated
_2rdamedia
338 _avolume
_2rdacarrier
490 0 _aOrientaciones bíblicas ;
_v1
505 0 _aPrimer acto -- Al principio creó Dios los cielos y la tierra -- Hagamos al hombre a nuestra imagen -- Y los puso en el jardín del Edén -- Pondré enemistad -- Nova et vetera -- La creación -- El paraíso terrestre -- La tentación -- El castigo -- El desquite de Dios.
526 _aSEG42
526 _aSEG41
526 _aSEG40
526 _aSEG39
526 _aP94
526 _aP87
526 _aP86
526 _aP85
526 _aP77
526 _aP76
526 _aP35
650 0 4 _aCreación.
910 _clch
942 _2ddc
_cBOOK
949 _a233.11 H25
_wDEWEY
_c1
_i36471
_lCCODEBUL1
_mBUL
_p00.00
_r0
_sY
_tBOOK
_u2015-06-25
_xBIBLIOTECA
_zUNKNOWN
_0COMPRA
_o.STAFF. Colección General
596 _a1
999 _a233.11 H25
_wDEWEY
_c43381
_i36471
_d43381
_e2016-10-7
_f2021-11-10
_g5
_lCCODEBUL1
_mBUL
_n1
_p12.00
_r0
_sY
_tBOOK
_u2015-6-25
_xTEOLOGIA
_PP35
_0COMPRA
_o.STAFF. Colección Teología
980 _81
_gALBERTO SANCHEZ Responsable de Automatización